Intimate violence : (Record no. 2358)

MARC details
000 -LEADER
fixed length control field 01108cam a22002054a 4500
020 ## - INTERNATIONAL STANDARD BOOK NUMBER
ISBN 0231119844 (cloth : alk. paper)
020 ## - INTERNATIONAL STANDARD BOOK NUMBER
ISBN 0231119852 (pbk.)
050 00 - CALL NUMBER
Classification number RC569.5.F3
Item number Sc1
100 1# - AUTHOR
Personal name Scalia, Joseph.
245 10 - TITLE
Title Intimate violence :
Remainder of title attacks upon psychic interiority /
Statement of responsibility, etc Joseph Scalia.
260 ## - PUBLICATION INFORMATION
Place of publication New York :
Name of publisher Columbia University Press,
Year of publication c2002.
300 ## - DESCRIPTION
Number of Pages x, 164 p. ;
Dimensions 24 cm.
500 ## - NOTES
General note Include index.
505 ## - FORMATTED CONTENTS NOTE
Table of Content pt. 1: Understanding the batterer. Affect regulation and narcissistic equilibrium. The experience of self and other. Identification with the aggressor --<br/>pt. 2: The politics of the batterer-treatment movement. Political versus clinical determination of abuse and other associations. Our unwitting persecution of the batterer and other facile conveniences --<br/>pt. 3: Treatment. Countertransference. Transference. Joining techniques. Working through: A synthesis.
650 #0 - SUBJECTS
Topical Term Family violence
General subdivision Prevention.
650 #0 - SUBJECTS
Topical Term Abusive men
General subdivision Psychology.
650 #0 - SUBJECTS
Topical Term Wife abuse
General subdivision Psychological aspects.
650 #0 - SUBJECTS
Topical Term Family violence
General subdivision Psychological aspects.
942 ## - ADDED ENTRY ELEMENTS (KOHA)
Koha item type Books
Holdings
Withdrawn status Lost status Collection code Home library Current library Shelving location Date acquired Full call number Accession Number Copy number Koha item type
    Reference Methodist University Library Main Methodist University Library Main General Stacks   RC569.5.F3 Sc1 4095 1 Books
Copyright © 2026  MUG Library